[Event "Titled Tuesday intern op 06th Feb Early"]
[Site "Chess.com INT"]
[Date "2024.02.06"]
[Round "3"]
[White "Mortazavi, Ali"]
[Black "Abdilkhair, Abilmansur"]
[Result "1-0"]
[WhiteElo "2333"]
[BlackElo "2357"]
[PlyCount "69"]
[EventDate "2024.02.06"]
[EventType "swiss (blitz)"]
[EventRounds "11"]
[EventCountry "USA"]
[SourceTitle "CB07_2024"]
[SourceDate "2024.02.14"]
[SourceVersion "1"]
[SourceVersionDate "2024.02.14"]
[SourceQuality "1"]

1. Nf3 Nf6 2. g3 e6 3. Bg2 d5 4. 0-0 b5 5. d3 c5 6. Nbd2 Be7 7. a4 b4 8. e4 0-0 9. Re1 Bb7 10. exd5 Bxd5 11. Nc4 Nc6 12. Ne3 Rc8 13. Nxd5 Nxd5 14. Nd2 Bf6 15. Nc4 Nd4 16. Bd2 b3 17. cxb3 Rb8 18. Ra3 Nb4 19. Bxb4 Rxb4 20. a5 Qb8 21. a6 Nxb3 22. Qh5 Rd8 23. h4 g6 24. Qf3 Bg7 25. h5 Nd4 26. Qd1 Nb5 27. hxg6 hxg6 28. Ra4 Nd6 29. Na5 Rxa4 30. Qxa4 Qxb2 31. Nc6 Re8 32. Nxa7 Qd2 33. Rf1 Qxd3 34. Rd1 Qc4 35. Qd7 1-0

[Event "Titled Tuesday intern op 09th Jan Early"]
[Site "Chess.com INT"]
[Date "2024.01.09"]
[Round "5"]
[White "Kiselev, Vitaliy1"]
[Black "Mortazavi, Ali"]
[Result "1-0"]
[WhiteElo "2519"]
[BlackElo "2333"]
[PlyCount "73"]
[EventDate "2024.01.09"]
[EventType "swiss (blitz)"]
[EventRounds "11"]
[EventCountry "USA"]
[SourceTitle "CB03_2024"]
[SourceDate "2024.01.17"]
[SourceVersion "1"]
[SourceVersionDate "2024.01.17"]
[SourceQuality "1"]

1. e4 c6 2. Nf3 d5 3. d3 g6 4. Nbd2 Bg7 5. g3 e5 6. Bg2 Ne7 7. 0-0 0-0 8. c3 Nd7 9. Re1 a5 10. b3 Nc5 11. Ba3 Nxd3 12. Re3 Nf4 13. gxf4 exf4 14. Re1 Re8 15. Rc1 Bg4 16. Qc2 dxe4 17. Nxe4 Nd5 18. Rcd1 Bxf3 19. Bxf3 Qh4 20. c4 Nb4 21. Bxb4 axb4 22. Nd6 Rxe1+ 23. Rxe1 Bc3 24. Re8+ Rxe8 25. Nxe8 Qg5+ 26. Kf1 Qh4 27. Qe4 Qxh2 28. Nd6 Qh3+ 29. Bg2 Qd7 30. c5 Kg7 31. Ne8+ Kg8 32. Nd6 Kf8 33. Qxf4 Qe6 34. Qe4 Qxe4 35. Bxe4 Bd4 36. Nxb7 Ke7 37. Bxc6 1-0

[Event "Titled Tuesday intern op 09th Jan Early"]
[Site "Chess.com INT"]
[Date "2024.01.09"]
[Round "3"]
[White "Rakhmatullaev, Almas"]
[Black "Mortazavi, Ali"]
[Result "1-0"]
[WhiteElo "2426"]
[BlackElo "2333"]
[PlyCount "83"]
[EventDate "2024.01.09"]
[EventType "swiss (blitz)"]
[EventRounds "11"]
[EventCountry "USA"]
[SourceTitle "CB03_2024"]
[SourceDate "2024.01.17"]
[SourceVersion "1"]
[SourceVersionDate "2024.01.17"]
[SourceQuality "1"]

1. e4 c6 2. d4 d5 3. exd5 cxd5 4. c4 Nf6 5. Nc3 g6 6. Nf3 Bg7 7. cxd5 Nxd5 8. Bc4 Nb6 9. Bb3 0-0 10. h3 Nc6 11. Be3 Nb4 12. 0-0 N4d5 13. Rc1 Bf5 14. Re1 Nxe3 15. fxe3 Rc8 16. e4 Bd7 17. e5 e6 18. Qd2 Bc6 19. Ng5 Nd5 20. Nce4 h6 21. Nf3 Rc7 22. Bxd5 Bxd5 23. Rxc7 Qxc7 24. Nf6+ Kh8 25. Nxd5 exd5 26. Rc1 Qb6 27. Rc5 Rd8 28. Qc2 Bf8 29. Rc3 Kg7 30. Rc7 Re8 31. Kh1 Re6 32. a3 Rc6 33. Rxc6 bxc6 34. e6 fxe6 35. Ne5 Kh8 36. Qxg6 Bg7 37. Nf7+ Kg8 38. Nxh6+ Kh8 39. Nf7+ Kg8 40. Ng5 Qxd4 41. Qf7+ Kh8 42. Qe8+ 1-0

[Event "Titled Tuesday intern op 26th Sep Early"]
[Site "Chess.com INT"]
[Date "2023.09.26"]
[Round "4"]
[White "Mortazavi, Ali"]
[Black "Kosteniuk, Alexandra"]
[Result "1-0"]
[WhiteElo "2333"]
[BlackElo "2523"]
[PlyCount "81"]
[EventDate "2023.09.26"]
[EventType "swiss (blitz)"]
[EventRounds "11"]
[EventCountry "USA"]
[SourceTitle "EXT 2024"]
[Source "ChessBase"]
[SourceDate "2023.10.10"]
[SourceVersion "1"]
[SourceVersionDate "2023.10.10"]
[SourceQuality "1"]

1. Nf3 d5 2. g3 Nf6 3. Bg2 c5 4. 0-0 Nc6 5. d3 e5 6. Bg5 Be7 7. Nbd2 0-0 8. e4 d4 9. Nc4 Nd7 10. Bxe7 Qxe7 11. Nh4 Nf6 12. Nf5 Bxf5 13. exf5 Qc7 14. Re1 Rfe8 15. a4 Nb4 16. h3 Re7 17. Be4 Rd8 18. Rc1 b6 19. Qf3 Qd7 20. c3 dxc3 21. bxc3 Nbd5 22. a5 b5 23. Ne3 Nxe3 24. Rxe3 Qc7 25. a6 Qb6 26. Bb7 h6 27. Rce1 Qd6 28. g4 b4 29. cxb4 cxb4 30. Qg3 Nd7 31. d4 Qxd4 32. Rd3 Qb6 33. Red1 Qc7 34. g5 hxg5 35. Qxg5 Ree8 36. Bd5 Nf6 37. Rg3 Nh5 38. Qxh5 Rxd5 39. Rxd5 b3 40. f6 g6 41. Qh6 1-0

[Event "Titled Tuesday intern op 26th Sep Early"]
[Site "Chess.com INT"]
[Date "2023.09.26"]
[Round "3"]
[White "Mortazavi, Ali"]
[Black "Lebedev, Artem S"]
[Result "1-0"]
[WhiteElo "2333"]
[BlackElo "2033"]
[PlyCount "73"]
[EventDate "2023.09.26"]
[EventType "swiss (blitz)"]
[EventRounds "11"]
[EventCountry "USA"]
[SourceTitle "EXT 2024"]
[Source "ChessBase"]
[SourceDate "2023.10.10"]
[SourceVersion "1"]
[SourceVersionDate "2023.10.10"]
[SourceQuality "1"]

1. Nf3 Nf6 2. g3 e6 3. Bg2 d5 4. 0-0 Be7 5. d3 0-0 6. Nbd2 c5 7. e4 Nc6 8. Re1 Qc7 9. e5 Nd7 10. Qe2 b5 11. h4 a5 12. h5 a4 13. h6 g6 14. a3 b4 15. Nf1 Ba6 16. c3 bxc3 17. bxc3 Rab8 18. Bf4 Rb3 19. c4 dxc4 20. dxc4 Rfb8 21. Red1 Na5 22. Ne3 Nb6 23. Rac1 Rxa3 24. Bg5 Bf8 25. Ng4 Nbxc4 26. Nf6+ Kh8 27. Rd7 Qc8 28. Rxf7 Rb7 29. Rxb7 Qxb7 30. Rd1 Ne3 31. Rd8 Qe7 32. Qxa6 Qxd8 33. Qxe6 Ra1+ 34. Kh2 Be7 35. Qf7 Ng4+ 36. Nxg4 Qf8 37. Bf6+ 1-0

[Event "Titled Tuesday intern op 26th Sep Early"]
[Site "Chess.com INT"]
[Date "2023.09.26"]
[Round "7"]
[White "Papasimakopoulos, Alexandros"]
[Black "Mortazavi, Ali"]
[Result "1-0"]
[WhiteElo "2409"]
[BlackElo "2333"]
[PlyCount "123"]
[EventDate "2023.09.26"]
[EventType "swiss (blitz)"]
[EventRounds "11"]
[EventCountry "USA"]
[SourceTitle "EXT 2024"]
[Source "ChessBase"]
[SourceDate "2023.10.10"]
[SourceVersion "1"]
[SourceVersionDate "2023.10.10"]
[SourceQuality "1"]

1. d4 Nf6 2. c4 g6 3. Nc3 Bg7 4. e4 0-0 5. f3 d6 6. Nge2 a6 7. Be3 Nc6 8. Rc1 Nh5 9. g4 Nf6 10. Ng3 e5 11. Nge2 Bxg4 12. fxg4 Nxg4 13. Bg1 Qh4+ 14. Ng3 Nxd4 15. Be2 f5 16. Bxg4 fxg4 17. Bxd4 exd4 18. Nce2 Bh6 19. Qxd4 Bxc1 20. Nxc1 Qg5 21. Nd3 Rae8 22. Ke2 h5 23. Nf1 c5 24. Qe3 Qxe3+ 25. Nxe3 Rxe4 26. Kd2 Rf3 27. Re1 Kg7 28. Re2 b5 29. b3 Kh6 30. Ne1 Rff4 31. N1g2 Rd4+ 32. Kc2 Rf3 33. Ne1 Rh3 34. Nd3 b4 35. Ne1 Kg5 36. Nd3 h4 37. Ne1 g3 38. hxg3 hxg3 39. N3g2 Rh2 40. Nf3+ Kg4 41. Nxd4 cxd4 42. Kd3 Kh3 43. Nf4+ Kg4 44. Ng2 Kf3 45. Ne1+ Kg4 46. Re6 Rh1 47. Rxg6+ Kf4 48. Rf6+ Kg5 49. Rf3 Rxe1 50. Rxg3+ Kf4 51. Rg6 Ke5 52. Rg5+ Ke6 53. Ra5 Rd1+ 54. Kc2 Rh1 55. Kd3 Rd1+ 56. Ke4 d3 57. Ke3 d2 58. Ke2 Rh1 59. Kxd2 Rh3 60. Rxa6 Ke5 61. Kc2 Rg3 62. Kd2 1-0

[Event "Titled Tuesday intern op 26th Sep Early"]
[Site "Chess.com INT"]
[Date "2023.09.26"]
[Round "2"]
[White "Weetik, Vjacheslav"]
[Black "Mortazavi, Ali"]
[Result "1-0"]
[WhiteElo "2423"]
[BlackElo "2333"]
[PlyCount "83"]
[EventDate "2023.09.26"]
[EventType "swiss (blitz)"]
[EventRounds "11"]
[EventCountry "USA"]
[SourceTitle "EXT 2024"]
[Source "ChessBase"]
[SourceDate "2023.10.10"]
[SourceVersion "1"]
[SourceVersionDate "2023.10.10"]
[SourceQuality "1"]

1. e4 c6 2. d4 d5 3. e5 Bf5 4. h4 c5 5. dxc5 Nc6 6. Bb5 Qc7 7. Nf3 Bg4 8. Qxd5 e6 9. Qe4 Bxf3 10. gxf3 Bxc5 11. Nc3 Nge7 12. Be3 Bxe3 13. fxe3 0-0-0 14. f4 Nf5 15. Rg1 Qb6 16. Bxc6 bxc6 17. Na4 Qxe3+ 18. Qxe3 Nxe3 19. Ke2 Nxc2 20. Rac1 Nd4+ 21. Kf2 g6 22. Rc4 Rd5 23. Nc5 Nf5 24. Ne4 Kd7 25. Nf6+ Kc7 26. Nxd5+ exd5 27. Rc3 Kb6 28. Rgc1 Rc8 29. Rb3+ Kc7 30. h5 gxh5 31. Rg1 c5 32. Rg5 Nd4 33. Rc3 Kd7 34. Rxh5 c4 35. Ra3 Nc6 36. Rxh7 Ke6 37. Ra6 d4 38. Rh6+ Kd5 39. Rd6+ Kc5 40. a3 f5 41. Rf6 d3 42. Ke3 1-0

[Event "Titled Tuesday intern op 19th Sep Late"]
[Site "Chess.com INT"]
[Date "2023.09.19"]
[Round "3"]
[White "Mortazavi, Ali"]
[Black "Sultanbek, Zeinep"]
[Result "1-0"]
[WhiteElo "2333"]
[BlackElo "2022"]
[PlyCount "55"]
[EventDate "2023.09.19"]
[EventType "swiss (blitz)"]
[EventRounds "11"]
[EventCountry "USA"]
[SourceTitle "EXT 2024"]
[Source "ChessBase"]
[SourceDate "2023.10.10"]
[SourceVersion "1"]
[SourceVersionDate "2023.10.10"]
[SourceQuality "1"]

1. Nf3 d5 2. g3 Nf6 3. Bg2 e6 4. 0-0 Be7 5. d3 0-0 6. Nbd2 c5 7. e4 Nc6 8. Re1 b5 9. exd5 exd5 10. d4 c4 11. a4 b4 12. Ne5 Nxd4 13. Ndxc4 dxc4 14. Bxa8 Be6 15. Nc6 Nxc6 16. Bxc6 Qb6 17. Bf3 Bc5 18. Qe2 h6 19. Be3 c3 20. bxc3 bxc3 21. Rab1 Qc7 22. Rb7 Qe5 23. Rb5 Rc8 24. Bxc5 Qxe2 25. Rxe2 Bc4 26. Bxa7 Bxe2 27. Bxe2 Ra8 28. Rb8+ 1-0

[Event "Titled Tuesday intern op 12th Sep Late"]
[Site "Chess.com INT"]
[Date "2023.09.12"]
[Round "2"]
[White "Bok, Benjamin"]
[Black "Mortazavi, Ali"]
[Result "1-0"]
[WhiteElo "2621"]
[BlackElo "2333"]
[PlyCount "71"]
[EventDate "2023.09.12"]
[EventType "swiss (blitz)"]
[EventRounds "11"]
[EventCountry "USA"]
[SourceTitle "EXT 2024"]
[Source "ChessBase"]
[SourceDate "2023.10.10"]
[SourceVersion "1"]
[SourceVersionDate "2023.10.10"]
[SourceQuality "1"]

1. d4 Nf6 2. c4 g6 3. g3 Bg7 4. Bg2 0-0 5. Nc3 d6 6. Nf3 Nbd7 7. 0-0 e5 8. e4 c6 9. Be3 Qa5 10. h3 Nb6 11. Qd3 exd4 12. Nxd4 Nfd7 13. b3 Ne5 14. Qc2 Nexc4 15. bxc4 Nxc4 16. Rad1 Nxe3 17. fxe3 Qe5 18. Qf2 Be6 19. a4 Bc4 20. Rfe1 Rfe8 21. Nce2 Qa5 22. Nf4 Re7 23. Qd2 Qg5 24. Kh2 Rae8 25. Nf3 Qc5 26. Qxd6 Qxd6 27. Rxd6 Rxe4 28. Nd2 Rxf4 29. gxf4 Ba6 30. Ne4 h6 31. Red1 Kh7 32. Rd8 Re6 33. R1d6 Re7 34. R6d7 Re6 35. Rxf7 Bd3 36. Rxd3 1-0

[Event "Titled Tuesday intern op 12th Sep Early"]
[Site "Chess.com INT"]
[Date "2023.09.12"]
[Round "1"]
[White "Mortazavi, Ali"]
[Black "Fareh, Youness"]
[Result "1-0"]
[WhiteElo "2333"]
[BlackElo "2173"]
[PlyCount "47"]
[EventDate "2023.09.12"]
[EventType "swiss (blitz)"]
[EventRounds "11"]
[EventCountry "USA"]
[SourceTitle "EXT 2024"]
[Source "ChessBase"]
[SourceDate "2023.10.10"]
[SourceVersion "1"]
[SourceVersionDate "2023.10.10"]
[SourceQuality "1"]

1. Nf3 Nf6 2. g3 g6 3. Bg2 Bg7 4. 0-0 0-0 5. d3 c5 6. e4 d6 7. e5 dxe5 8. Nxe5 Nbd7 9. Nc4 Qc7 10. Nc3 a6 11. a4 e5 12. Re1 Re8 13. a5 Rb8 14. f4 b5 15. axb6 Nxb6 16. Nxe5 Ng4 17. Nxg4 Rxe1+ 18. Qxe1 Bxg4 19. Rxa6 Bd4+ 20. Kh1 Bh3 21. Qe4 Bxg2+ 22. Kxg2 Rd8 23. f5 Kg7 24. Bf4 1-0

[Event "Titled Tuesday intern op 12th Sep Late"]
[Site "Chess.com INT"]
[Date "2023.09.12"]
[Round "7"]
[White "Mortazavi, Ali"]
[Black "Lysyj, Igor"]
[Result "0-1"]
[WhiteElo "2333"]
[BlackElo "2589"]
[PlyCount "108"]
[EventDate "2023.09.12"]
[EventType "swiss (blitz)"]
[EventRounds "11"]
[EventCountry "USA"]
[SourceTitle "EXT 2024"]
[Source "ChessBase"]
[SourceDate "2023.10.10"]
[SourceVersion "1"]
[SourceVersionDate "2023.10.10"]
[SourceQuality "1"]

1. Nf3 d5 2. g3 Nf6 3. Bg2 e6 4. 0-0 Be7 5. d3 0-0 6. Nbd2 c5 7. e4 Nc6 8. Re1 Qc7 9. e5 Nd7 10. Qe2 b5 11. Nf1 Bb7 12. Bf4 Rfc8 13. h4 a5 14. N1h2 Qd8 15. c3 a4 16. a3 h6 17. Rad1 Rab8 18. Kh1 Na5 19. Ng4 Bf8 20. Ngh2 Nb3 21. g4 d4 22. g5 h5 23. g6 fxg6 24. Rg1 Be7 25. Ng5 Nf8 26. Bxb7 Rxb7 27. Rg2 Qd5 28. Nhf3 Bxg5 29. Nxg5 Rcc7 30. Kh2 Rd7 31. Ne4 Rf7 32. Bg3 Rbd7 33. Nd6 Qf3 34. Qe1 g5 35. Nxf7 Rxf7 36. hxg5 Ng6 37. Qe4 Qxe4 38. dxe4 h4 39. Bxh4 Nxh4 40. Rg4 Nf3+ 41. Kg3 Nxe5 42. Rf4 Rxf4 43. Kxf4 Nc4 44. g6 Nxb2 45. Rh1 Nd3+ 46. Kg5 dxc3 47. Rh3 c2 48. Rxd3 c1Q+ 49. f4 Nd4 50. e5 Qg1+ 51. Kh5 Qh2+ 52. Kg4 Qe2+ 53. Kg5 Qxd3 54. f5 Qxf5+ 0-1

[Event "Titled Tuesday intern op 05th Sep Late"]
[Site "Chess.com INT"]
[Date "2023.09.05"]
[Round "4"]
[White "Mortazavi, Ali"]
[Black "Akobian, Varuzhan"]
[Result "1-0"]
[WhiteElo "2333"]
[BlackElo "2582"]
[PlyCount "105"]
[EventDate "2023.09.05"]
[EventType "swiss (blitz)"]
[EventRounds "11"]
[EventCountry "USA"]
[SourceTitle "EXT 2024"]
[Source "ChessBase"]
[SourceDate "2023.10.10"]
[SourceVersion "1"]
[SourceVersionDate "2023.10.10"]
[SourceQuality "1"]

1. Nf3 Nf6 2. g3 b6 3. Bg2 Bb7 4. 0-0 g6 5. d3 Bg7 6. e4 0-0 7. a4 c5 8. a5 b5 9. Re1 a6 10. e5 Ne8 11. Bf4 Nc6 12. Nbd2 Nc7 13. c3 Nd5 14. Ng5 Nxf4 15. gxf4 Qc7 16. Qg4 h6 17. Nge4 d6 18. e6 Bc8 19. Ng3 Bxe6 20. Rxe6 fxe6 21. Qxe6+ Kh8 22. Qxg6 Rf6 23. Qe4 d5 24. Qxd5 Rd8 25. Qxc5 Qxf4 26. Nde4 Rg6 27. d4 Rf8 28. Qh5 Kh7 29. Rf1 Nxd4 30. cxd4 Bxd4 31. Nc3 Bxf2+ 32. Kh1 Rg5 33. Qh3 Qg4 34. Nce4 Qxh3 35. Nxg5+ hxg5 36. Bxh3 Rf4 37. Bf5+ Kg7 38. Kg2 Bxg3 39. hxg3 Rb4 40. Rf2 Ra4 41. Be6 Rxa5 42. Rf7+ Kg6 43. Kh3 Ra4 44. Rxe7 Rb4 45. b3 a5 46. Rb7 Kf6 47. Bg8 Ke5 48. Ra7 a4 49. bxa4 bxa4 50. Ra5+ Kf6 51. Rc5 Rd4 52. Ra5 Rb4 53. Bd5 1-0

[Event "Titled Tuesday intern op 05th Sep Early"]
[Site "Chess.com INT"]
[Date "2023.09.05"]
[Round "1"]
[White "Mortazavi, Ali"]
[Black "Korobov, Anton"]
[Result "0-1"]
[WhiteElo "2333"]
[BlackElo "2652"]
[PlyCount "70"]
[EventDate "2023.09.05"]
[EventType "swiss (blitz)"]
[EventRounds "11"]
[EventCountry "USA"]
[SourceTitle "EXT 2024"]
[Source "ChessBase"]
[SourceDate "2023.10.10"]
[SourceVersion "1"]
[SourceVersionDate "2023.10.10"]
[SourceQuality "1"]

1. Nf3 Nf6 2. g3 d5 3. Bg2 c6 4. 0-0 Bg4 5. d3 Nbd7 6. c4 e6 7. Be3 Be7 8. Qb3 Qc7 9. Nc3 0-0 10. cxd5 exd5 11. Rac1 Rfc8 12. h3 Bxf3 13. Bxf3 Qb8 14. Bf4 Bd6 15. Bxd6 Qxd6 16. Qxb7 Rcb8 17. Qa6 Rxb2 18. Nb5 Rxb5 19. Rxc6 Qb4 20. Rfc1 Rb6 21. Rc8+ Rxc8 22. Rxc8+ Nf8 23. Qxa7 g6 24. Kg2 Rb7 25. Qa8 Rd7 26. a4 Kg7 27. a5 Qe7 28. a6 Ra7 29. Qc6 Ne6 30. Ra8 Rc7 31. Qb6 Rc1 32. a7 Ra1 33. Qb8 Kh6 34. h4 Qc7 35. Qh8 Qc1 0-1

[Event "Titled Tuesday intern op 05th Sep Late"]
[Site "Chess.com INT"]
[Date "2023.09.05"]
[Round "2"]
[White "Schmakel, Sam A"]
[Black "Mortazavi, Ali"]
[Result "1-0"]
[WhiteElo "2457"]
[BlackElo "2333"]
[PlyCount "113"]
[EventDate "2023.09.05"]
[EventType "swiss (blitz)"]
[EventRounds "11"]
[EventCountry "USA"]
[SourceTitle "EXT 2024"]
[Source "ChessBase"]
[SourceDate "2023.10.10"]
[SourceVersion "1"]
[SourceVersionDate "2023.10.10"]
[SourceQuality "1"]

1. Nf3 Nf6 2. g3 g6 3. Bg2 Bg7 4. 0-0 0-0 5. b3 d6 6. Bb2 e5 7. d3 a5 8. c4 Nc6 9. Nc3 Re8 10. Nd2 h5 11. h3 Bd7 12. Rc1 Qc8 13. Kh2 Nh7 14. Nd5 h4 15. g4 Qd8 16. e3 Nb4 17. Nxb4 axb4 18. Ra1 c6 19. a3 bxa3 20. Rxa3 f5 21. gxf5 gxf5 22. Rg1 Rxa3 23. Bxa3 Qf6 24. Bb2 Kh8 25. Qh5 Qh6 26. Qxh6 Bxh6 27. Nf3 Ra8 28. Nxh4 Ra2 29. Rb1 f4 30. e4 c5 31. Nf3 Nf8 32. Kg1 Be8 33. Bc3 b5 34. Ra1 Rc2 35. Ba5 Rb2 36. Bc7 Rxb3 37. Bxd6 Bh5 38. Nxe5 f3 39. Bf1 Ne6 40. cxb5 Rxb5 41. d4 Rb2 42. dxc5 Nd4 43. c6 Rc2 44. c7 Ne2+ 45. Kh1 Kg7 46. Ra8 Rc1 47. Ng4 Rxf1+ 48. Kh2 Bxg4 49. hxg4 Rxf2+ 50. Kh3 Rf1 51. c8Q Rh1+ 52. Bh2 Nf4+ 53. Kg3 Ne2+ 54. Kxf3 Rxh2 55. Qh8+ Kg6 56. Ra6+ Kg5 57. Qf6# 1-0

[Event "Titled Tuesday intern op 29th Aug Early"]
[Site "Chess.com INT"]
[Date "2023.08.29"]
[Round "1"]
[White "Bachmann, Axel"]
[Black "Mortazavi, Ali"]
[Result "0-1"]
[WhiteElo "2611"]
[BlackElo "2333"]
[PlyCount "94"]
[EventDate "2023.08.29"]
[EventType "swiss (blitz)"]
[EventRounds "11"]
[EventCountry "USA"]
[SourceTitle "EXT 2024"]
[Source "ChessBase"]
[SourceDate "2023.10.10"]
[SourceVersion "1"]
[SourceVersionDate "2023.10.10"]
[SourceQuality "1"]

1. e4 c6 2. d4 d5 3. exd5 cxd5 4. Bd3 Nc6 5. c3 Qc7 6. h3 g6 7. Nf3 Bf5 8. 0-0 Nf6 9. Re1 e6 10. Ne5 Bxd3 11. Nxd3 Bd6 12. Bh6 Ne4 13. Nd2 f5 14. c4 0-0-0 15. cxd5 exd5 16. Rc1 Kb8 17. Nf3 Qb6 18. Nfe5 Nxe5 19. dxe5 Bb4 20. Re2 Be7 21. Be3 d4 22. Bf4 Ka8 23. Rec2 g5 24. Bh2 a6 25. Rc7 Nc3 26. bxc3 Qxc7 27. e6 Bd6 28. Bxd6 Qxd6 29. c4 Qxe6 30. c5 Rc8 31. Qa4 g4 32. hxg4 fxg4 33. Nb4 g3 34. c6 gxf2+ 35. Kf1 Rhe8 36. Qd1 Qh6 37. cxb7+ Kxb7 38. Qf3+ Kb8 39. Nc6+ Rxc6 40. Rxc6 Re1+ 41. Kxf2 Qd2+ 42. Kg3 Re3 43. Rxa6 Rxf3+ 44. gxf3 Qg5+ 45. Kf2 Qe3+ 46. Kg3 Qe1+ 47. Kg4 d3 0-1

[Event "Titled Tuesday intern op 15th Aug Late"]
[Site "Chess.com INT"]
[Date "2023.08.15"]
[Round "2"]
[White "Mortazavi, Ali"]
[Black "Barwinska, Ewa"]
[Result "0-1"]
[WhiteElo "2333"]
[BlackElo "1996"]
[PlyCount "60"]
[EventDate "2023.08.15"]
[EventType "swiss (blitz)"]
[EventRounds "11"]
[EventCountry "USA"]
[SourceTitle "EXT 2024"]
[Source "ChessBase"]
[SourceDate "2023.10.10"]
[SourceVersion "1"]
[SourceVersionDate "2023.10.10"]
[SourceQuality "1"]

1. Nf3 d5 2. g3 c5 3. Bg2 Nc6 4. 0-0 Nf6 5. d3 e5 6. Nbd2 Be7 7. e4 Be6 8. c3 0-0 9. exd5 Nxd5 10. Re1 Qc7 11. Nc4 f6 12. d4 Nxc3 13. bxc3 Bxc4 14. dxe5 Nxe5 15. Nxe5 fxe5 16. Qg4 Bf7 17. Rb1 Rab8 18. a4 b6 19. h4 Bf6 20. h5 Qc8 21. Qe2 Qf5 22. Be4 Qxh5 23. g4 Qh3 24. c4 Qc3 25. g5 Bxc4 26. Qg4 Qxe1+ 27. Kh2 Bxg5 28. Bxg5 Qxf2+ 29. Bg2 Bd5 30. Bh6 Qxg2+ 0-1

[Event "Titled Tuesday intern op 08th Aug Late"]
[Site "Chess.com INT"]
[Date "2023.08.08"]
[Round "3"]
[White "Miladinovic, Igor"]
[Black "Mortazavi, Ali"]
[Result "1/2-1/2"]
[WhiteElo "2489"]
[BlackElo "2333"]
[PlyCount "80"]
[EventDate "2023.08.08"]
[EventType "swiss (blitz)"]
[EventRounds "11"]
[EventCountry "USA"]
[SourceTitle "EXT 2024"]
[Source "ChessBase"]
[SourceDate "2023.10.10"]
[SourceVersion "1"]
[SourceVersionDate "2023.10.10"]
[SourceQuality "1"]

1. d4 Nf6 2. Bg5 Ne4 3. h4 d5 4. Nd2 Nxd2 5. Qxd2 h6 6. Bf4 Bf5 7. e3 e6 8. f3 Be7 9. h5 c5 10. c3 Nc6 11. Bd3 Bxd3 12. Qxd3 Bd6 13. Ne2 0-0 14. 0-0 Bxf4 15. Nxf4 Qb6 16. a4 Na5 17. dxc5 Qc7 18. b4 Nc4 19. Ne2 Qe5 20. e4 Rad8 21. exd5 exd5 22. Nd4 Qxh5 23. Rfe1 Rfe8 24. Qf5 Qh4 25. Rxe8+ Rxe8 26. Qxd5 Re1+ 27. Rxe1 Qxe1+ 28. Kh2 Qh4+ 29. Kg1 Ne3 30. Qd7 Qe1+ 31. Kh2 Nf1+ 32. Kg1 Ng3+ 33. Kh2 Nf1+ 34. Kg1 Ne3+ 35. Kh2 Qf2 36. Qh3 Nf1+ 37. Kh1 Ng3+ 38. Kh2 Nf1+ 39. Kh1 Ng3+ 40. Kh2 Nf1+ 1/2-1/2

[Event "Titled Tuesday intern op 08th Aug Late"]
[Site "Chess.com INT"]
[Date "2023.08.08"]
[Round "4"]
[White "Mortazavi, Ali"]
[Black "Seemann, Jakub"]
[Result "0-1"]
[WhiteElo "2333"]
[BlackElo "2429"]
[PlyCount "112"]
[EventDate "2023.08.08"]
[EventType "swiss (blitz)"]
[EventRounds "11"]
[EventCountry "USA"]
[SourceTitle "EXT 2024"]
[Source "ChessBase"]
[SourceDate "2023.10.10"]
[SourceVersion "1"]
[SourceVersionDate "2023.10.10"]
[SourceQuality "1"]

1. Nf3 Nf6 2. g3 g6 3. Bg2 Bg7 4. 0-0 0-0 5. d3 d5 6. Nbd2 c5 7. e3 Nc6 8. e4 e5 9. c3 Re8 10. Qa4 h6 11. exd5 Nxd5 12. Ne4 Qe7 13. Qc4 Be6 14. Qxc5 Qd7 15. Qa3 b6 16. Qa4 Rac8 17. Rd1 f5 18. Ned2 Qf7 19. Nc4 Qc7 20. Ne3 Nde7 21. Qc2 Rcd8 22. Qe2 g5 23. Nc2 Nd5 24. Bxg5 hxg5 25. Nxg5 Bf6 26. Nxe6 Rxe6 27. c4 Nde7 28. d4 Na5 29. d5 Red6 30. b3 Bg7 31. Rac1 Ng6 32. Qh5 Qf7 33. Ne3 Rf6 34. c5 bxc5 35. Rxc5 Nb7 36. Rc6 Nd6 37. Rdc1 e4 38. Rc7 Rd7 39. Rxd7 Qxd7 40. Bh3 Ne5 41. Kg2 Nd3 42. Rc6 Qf7 43. Qxf7+ Kxf7 44. Rc7+ Kg6 45. Rxa7 f4 46. gxf4 Nxf4+ 47. Kg3 Nxh3 48. Kxh3 Bh6 49. Ng4 Rf3+ 50. Kg2 Bf4 51. h3 Nf5 52. Ra6+ Kg5 53. Kf1 e3 54. Ke2 Nd4+ 55. Kf1 e2+ 56. Ke1 Rd3 0-1

[Event "Titled Tuesday intern op 01st Aug Late"]
[Site "Chess.com INT"]
[Date "2023.08.01"]
[Round "6"]
[White "Baziuk, Vladyslav"]
[Black "Mortazavi, Ali"]
[Result "1-0"]
[WhiteElo "2211"]
[BlackElo "2333"]
[PlyCount "65"]
[EventDate "2023.08.01"]
[EventType "swiss (blitz)"]
[EventRounds "11"]
[EventCountry "USA"]
[SourceTitle "EXT 2024"]
[Source "ChessBase"]
[SourceDate "2023.10.10"]
[SourceVersion "1"]
[SourceVersionDate "2023.10.10"]
[SourceQuality "1"]

1. e4 c6 2. Nc3 d5 3. Nf3 dxe4 4. Nxe4 Nf6 5. Qe2 Be6 6. c4 Nxe4 7. Qxe4 g6 8. Qe5 Rg8 9. d4 Nd7 10. Qe3 Nf6 11. h3 Bg7 12. Bd2 Qb6 13. Bc3 h6 14. Ne5 0-0-0 15. Nxg6 Qc7 16. Ne5 Bh8 17. 0-0-0 Kb8 18. g3 h5 19. Bg2 Nd7 20. b3 Bf6 21. Kb2 Nb6 22. f4 Bxe5 23. Qxe5 Rxg3 24. Be4 Qxe5 25. dxe5 Rxd1 26. Rxd1 Bxh3 27. Rd8+ Kc7 28. Rf8 Bg2 29. Bf5 Rf3 30. e6 Rf2+ 31. Ka3 fxe6 32. Bxe6 h4 33. Be5# 1-0

[Event "Titled Tuesday intern op 01st Aug Late"]
[Site "Chess.com INT"]
[Date "2023.08.01"]
[Round "4"]
[White "Rastbod, Ali"]
[Black "Mortazavi, Ali"]
[Result "1-0"]
[WhiteElo "2256"]
[BlackElo "2333"]
[PlyCount "83"]
[EventDate "2023.08.01"]
[EventType "swiss (blitz)"]
[EventRounds "11"]
[EventCountry "USA"]
[SourceTitle "EXT 2024"]
[Source "ChessBase"]
[SourceDate "2023.10.10"]
[SourceVersion "1"]
[SourceVersionDate "2023.10.10"]
[SourceQuality "1"]

1. Nf3 Nf6 2. g3 g6 3. Bg2 Bg7 4. 0-0 0-0 5. d4 d6 6. c4 Nbd7 7. Nc3 e5 8. b3 Re8 9. Bb2 e4 10. Ng5 e3 11. fxe3 h6 12. Nge4 Ng4 13. Qd2 f5 14. h3 Ngf6 15. Nxf6+ Nxf6 16. Qd3 c6 17. e4 Qe7 18. exf5 Bxf5 19. Qd2 Ne4 20. Nxe4 Bxe4 21. Rae1 Bxg2 22. Kxg2 Qe4+ 23. Kh2 d5 24. Rf4 Qe6 25. e4 dxc4 26. bxc4 Qxc4 27. e5 Rad8 28. Qf2 Qxa2 29. Re2 Qe6 30. Ba3 g5 31. Rf3 Rd7 32. h4 gxh4 33. gxh4 Qg4 34. Rf4 Qe6 35. Qg3 Kh8 36. Rg2 a5 37. Rg4 Rg8 38. Bf8 Rxf8 39. Rxg7 Rff7 40. Rg8+ Kh7 41. Rh8+ Kxh8 42. Qg8# 1-0